| 000 | 01545nam a2200277 i 4500 | ||
|---|---|---|---|
| 003 | IT-RoINE | ||
| 008 | 111013s1757 sp |r 000|||mul|d | ||
| 026 |
_aubi- eun- _bo-am rean (3) _c1757 (Q) |
||
| 040 |
_aBUC. _cIT-RoINE _dIT-RoINE |
||
| 041 | 1 |
_aspa _hlat |
|
| 245 | 0 | 0 | _aBreve De La Santidad De Benedicto XIV. expedido á instancia del rey catholico D. Fernando VI. en 6. de septiembre de 1757. Para incluir al estado eclesiastico secular y regular de los reynos de Castilla y Leon y sus provincias en la unica contribucion que de orden de S.M. se ha de establecer en ellos. |
| 260 |
_aEn Madrid : _b[s.n.], _c1758. |
||
| 300 |
_a[2], 42 p. ; _c4º |
||
| 336 |
_2rdacontent _atext |
||
| 337 |
_2rdamedia _aunmediated |
||
| 338 |
_2rdacarrier _avolume |
||
| 500 | _aDigitalización del ejemplar de la Biblioteca de la Real Academia de Jurisprudencia y Legislación. | ||
| 546 | _aTexto en latín y traducción en español. | ||
| 595 | _aDatos de publicación tomados del colofón. | ||
| 596 | _aPortada sin pie de imprenta. | ||
| 597 | _aSign.: [π1] A-D4 E5. | ||
| 599 | _aFriso xilográfico en portada. | ||
| 752 |
_aEspaña, _dMadrid _965578 |
||
| 856 | 4 | 1 |
_yEnlace a " Breve de la Santidad de Benedicto XIV expedido a instancia del rey cathólico D. Fernando VI en 6 de Septiembre de 1757 para incluir al estado eclesiástico secular y regular de los Reynos de Castilla y León..." - [ _uhttps://bvpb.mcu.es/es/catalogo_imagenes/grupo.do?path=7011&presentacion=pagina&posicion=5®istrardownload=0 |
| 942 |
_cLA _2ddc |
||
| 999 |
_c33306 _d33306 |
||